000 00482nam a2200205Ia 4500
003 0100
008 130307s9999 xx 000 0 und d
040 _cARRUPELIB
050 _aBF173. M83 1955
100 _aMullahy, Patrick
245 _aOedipus: myth and complex
245 _ba review of psychoanalytic theory
260 _aNew York
260 _bGrove Press, Inc.
260 _c1955
300 _axii
300 _b370p. 21cm.
650 _aPSYCHOLOGY
942 0 0 _01
999 _c95299
_d95299